00250nam a2200097Ia 4500100002900000654000900029245005900038260002900097082001400126546001200140 aSantacruz operation Inc  aunix aSCO unix system V Development system programmers guide bSantacruz Operation Inc. a5.43bSCO aENGLISH